Rudé moře : určovací příručka pro potápěče /

Main Author: Harrison, Peter, 1947-
Other Authors: Misiewicz, Alex
Language: Czech
Published: Praha : Svojtka & Co., 2003
Edition: České vyd. 1.
Online Access: Digitalizovaný dokument
Physical Description: 128 s. : barev. il. ; 22 cm
Book
Saved in:
LEADER 01591nam a2200421 a 4500
001 000707135
003 CZ BrMZK
005 20191002125833.0
007 ta
008 040226s2003 xr a e 000 0 cze d
015 |a cnb001285184 
020 |a 80-7237-866-X  |q (brož.) 
035 |a (OCoLC)56862517 
040 |a BOA001  |b cze 
041 1 |a cze  |h eng 
043 |a mr----- 
072 7 |a 59  |x Zoologie  |2 Konspekt  |9 2 
080 |a 591.9(26)  |2 MRF 
080 |a (267.33)  |2 MRF 
080 |a (084.42)  |2 MRF 
100 1 |a Harrison, Peter,  |d 1947-  |7 mzk2003183140  |4 aut 
245 1 0 |a Rudé moře :  |b určovací příručka pro potápěče /  |c Pete Harrison a Alex Misiewicz ; [překlad Vladimír Motyčka, Zdeněk Roller] 
250 |a České vyd. 1. 
260 |a Praha :  |b Svojtka & Co.,  |c 2003 
300 |a 128 s. :  |b barev. il. ;  |c 22 cm 
500 |a Na obálce podnázev: Ryby a koráli Rudého moře 
500 |a Překlad z angličtiny 
500 |a Terminologický slovník 
500 |a Dostupné též v digitální podobě v aplikaci Kramerius 
504 |a Obsahuje rejstřík 
650 0 7 |a mořští živočichové  |7 ph123031  |z Rudé moře  |2 czenas 
655 7 |a atlasy  |7 fd131835  |2 czenas 
700 1 |a Misiewicz, Alex  |7 xx0018721  |4 aut 
765 0 |t Reef fishes andcorals of the red sea  |9 Česky 
856 4 1 |u http://www.digitalniknihovna.cz/mzk/uuid/uuid:aa99bbb0-084b-11e6-a5b6-005056827e52  |y Digitalizovaný dokument  |x NDK 
910 |a BOA001  |b 2-1130.574 
990 |a BK 
996 6 |b 2610215089  |c 2-1130.574  |l MZK  |r Sklad / do 1 hodiny  |n 0  |p p.v.  |w 000707135  |u 000010  |a 1  |e BOA001  |j MZK50  |s P